Caucasian carpets

Bibliographic Details
Main Author: Gans Ruedin, E
Format: Book
Published: London : Thames and Hudson , 1986
Subjects:

MARC

LEADER 00000cam a2200000 7i4500
001 0000004836
002 000005212
005 20000330.0
020 |a 0500234736 
090 0 0 |a 746.759   |b GAN 
100 0 |a Gans Ruedin, E 
245 1 0 |a Caucasian carpets   |c E.Gans-Ruedin 
260 |a London :   |b Thames and Hudson ,   |c 1986 
300 |a 369p. ;   |c 26cm. 
650 0 0 |a Caucasian carpets 
999 |a 033484   |b BUKU   |c PINJAMAN   |e PERPUSTAKAAN KOMUNITI PETALING JAYA